000 00348 a2200157 4500
001 162703
020 _a
040 _cMagnum
100 _aCunha, Leo
240 1 0 _aO menino que nao mascava chicle
_lpor
245 1 0 _aO menino que nao mascava chicle
362 0 _a1899
440 1 _aPaulinas
697 _aIJ/AVENTURA, CRIANCAS
942 _cBK
999 _c162703
_d162703